| 000 | 00595cam a2200181 a 4500 | ||
|---|---|---|---|
| 999 |
_c58262 _d58262 |
||
| 001 | 15216676 | ||
| 005 | 20211015132148.0 | ||
| 008 | 080312s2007 caua 001 0 eng d | ||
| 020 | _a9788779897458 | ||
| 080 | _a159.964.2 H-88 | ||
| 100 | 1 |
_aHubbard, L. Ron _q _d _912506 |
|
| 245 | 1 | 0 |
_aSelf analysis : _ba simple self-help volume of tests and processes based on the discoveries contained in dianetics / _cL. Ron Hubbard. |
| 264 |
_aLos Angeles : _bNew Era, _c2007. |
||
| 300 |
_a375 p. : _bill. ; _c25 cm. |
||
| 653 | _aDianetics | ||
| 653 | _aდიანეტიკა | ||
| 942 |
_2udc _cBK |
||